Kaali_Malayalam (Record no. 38112)
[ view plain ]
| 000 -LEADER | |
|---|---|
| fixed length control field | 01410nam a22001937a 4500 |
| 020 ## - INTERNATIONAL STANDARD BOOK NUMBER | |
| ISBN | 9789357327312 |
| 082 ## - DEWEY DECIMAL CLASSIFICATION NUMBER | |
| Classification number | 920 ASW |
| 100 ## - MAIN ENTRY--AUTHOR NAME | |
| Personal name | Aswathy Sreekanth |
| 245 ## - TITLE STATEMENT | |
| Title | Kaali_Malayalam |
| 250 ## - EDITION STATEMENT | |
| Edition statement | 1 |
| 260 ## - PUBLICATION, DISTRIBUTION, ETC. (IMPRINT) | |
| Name of publisher | DC Books |
| Place of publication | Kottayam |
| Year of publication | 2025 |
| 300 ## - PHYSICAL DESCRIPTION | |
| Number of Pages | Number of pages : 144 |
| 500 ## - GENERAL NOTE | |
| General note | Category : Short Stories, Best Sellers |
| 520 ## - SUMMARY, ETC. | |
| Summary, etc | เดเดฃเตเดเตเดฎเดฑเดจเตเดจเดคเต, เดชเดฑเดเตเดเตเดชเดฟเดฐเดฟเดเตเดเดคเต เดเดฏ เดชเตเตบเดเตเดตเดฟเดคเดเตเดเดณเตเดเตเดเตเดฑเดฟเดเตเดเตเดณเตเดณ เดเดดเตเดคเตเดคเตเดเตพ, เด เดฅเดตเดพ เดเดณเตเดณเดฟเตฝ เดเดชเตเดชเตเดดเตเด เดคเตเตผเดจเตเดจเดฟเดเตเดเดฟเดฒเตเดฒเดพเดคเตเดค เดธเตเดตเดชเตโเดจเดธเดจเตเดจเดฟเดญเดฎเดพเดฏ เดฎเดดเดชเตเดชเตเดฏเตเดคเตเดคเตเดเตพ. เดธเดเดฒ เดชเตเตบเดญเดพเดตเดเตเดเดณเตเดฏเตเด เดเตพเดเตเดเตเดณเตเดณเตเดจเตเดจ เดเดฎเตเดชเดคเต เดเดฅเดเตพ.เดตเดพเดฏเดจเดเตเดเดพเตผ เดนเตเดฆเดฏเดคเตเดคเดฟเดฒเตเดฑเตเดฑเดฟเดฏ 'เด เดพ' เดฏเดฟเดฒเตเดฒเดพเดคเตเดค เดฎเตเดเตเดเดพเดฏเดฟเดเตพ, เดฎเดดเดฏเตเดฑเตเดฎเตเดชเตเดเดณเตเดเต เดฐเดพเดเตเดฏเด เดคเตเดเดเตเดเดฟเดฏ เดเตเดคเดฟเดเดณเดฟเดฒเตเดเต เดถเตเดฐเดฆเตเดงเตเดฏเดฏเดพเดฏ เด เดถเตเดตเดคเดฟ เดถเตเดฐเตเดเดพเดจเตเดคเดฟเดจเตเดฑเต เดเดฑเตเดฑเดตเตเด เดชเตเดคเดฟเดฏ เดชเตเดธเตเดคเดเด. |
| 546 ## - LANGUAGE NOTE | |
| Language note | Language : Malayalam |
| 650 ## - SUBJECT ADDED ENTRY--TOPICAL TERM | |
| Topical Term | GEN |
| 942 ## - ADDED ENTRY ELEMENTS (KOHA) | |
| Koha item type | Text Book |
| 952 ## - LOCATION AND ITEM INFORMATION (KOHA) | |
| Damaged status | |
| Not for loan | |
| Withdrawn status | Collection code | Permanent Location | Current Location | Date acquired | Source of acquisition | Cost, normal purchase price | Inventory number | Full call number | Accession Number | Price effective from | Koha item type |
|---|---|---|---|---|---|---|---|---|---|---|---|
| GENERAL | VAST Central Library | VAST Central Library | 25/11/2025 | DC Bookshop,Thrissur | 199.00 | 000729 | 920 ASW | 38255 | 18/12/2025 | Text Book |